[Event "Klubbmesterskapet 2009 (B)"]
[Site "Ås, Akershus NOR"]
[Date "2009.04.02"]
[Round "7"]
[White "Garmark, Vegard"]
[Black "Olsen, Trygve"]
[Result "0-1"]
[WhiteElo "1039"]
[BlackElo "1246"]
[PlyCount "54"]
[EventDate "2008.01.29"]

1. e4 c5 2. Nf3 Nc6 3. d4 d5 4. Nc3 dxe4 5. Nxe4 cxd4 6. Bb5 Qa5+ 7. Bd2 Qxb5
8. b3 Qf5 9. Qe2 e5 10. O-O Nf6 11. Ng3 Qe6 12. Ng5 Qd5 13. c4 dxc3 14. Bxc3
Bc5 15. Rad1 Nd4 16. Bxd4 Bxd4 17. Nf3 O-O 18. Rd3 Bg4 19. Rfd1 Qe6 20. Ne4
Nxe4 21. Qxe4 Bf5 22. Nxd4 exd4 23. Qxe6 Bxe6 24. Rxd4 Rfc8 25. f4 g6 26. h3 h5
27. Kh2 Rc2 0-1

[Event "Høstturnering 2008"]
[Site "Ås, Akershus NOR"]
[Date "2008.09.04"]
[Round "1"]
[White "Lea, Per"]
[Black "Thowsen, Alf Geir"]
[Result "1-0"]
[WhiteElo "1579"]
[BlackElo "1253"]
[PlyCount "73"]
[EventDate "2008.09.04"]
1. e4 e6 2. d4 d5 3. Nc3 dxe4 4. Nxe4 Nf6 5. Bg5 Nbd7 6. Nf3 Be7 7. Nxf6+ Nxf6
8. Bd3 Bd7 9. Ne5 h6 10. Bh4 Nd5 11. Qh5 O-O 12. Bxe7 Qxe7 13. O-O-O Nf4 14.
Qg4 Nd5 15. Rhe1 Be8 16. f4 f5 17. Qg3 Rd8 18. c3 Nxc3 19. bxc3 Qa3+ 20. Kb1
Qxc3 21. Bc4 Qb4+ 22. Qb3 Qxb3+ 23. Bxb3 Rd6 24. d5 exd5 25. Rxd5 Kh7 26. Rxd6
cxd6 27. Nc4 d5 28. Nd6 Bc6 29. Re5 d4 30. Bd5 Rd8 31. Bxc6 bxc6 32. Nxf5 d3
33. Kc1 Kg6 34. Ne7+ Kf7 35. Nxc6 Rc8 36. Rc5 Ke6 37. Nd4+ 1-0

[Event "Høstturnering 2008"]
[Site "Ås, Akershus NOR"]
[Date "2008.09.04"]
[Round "1"]
[White "Olsen, Trygve"]
[Black "Furnes, Torstein"]
[Result "0-1"]
[WhiteElo "1221"]
[BlackElo "1498"]
[PlyCount "82"]
[EventDate "2008.09.04"]

1. e4 c5 2. f4 Nc6 3. Nf3 d6 4. Bc4 e6 5. a3 Nf6 6. d3 Be7 7. O-O O-O 8. Ba2 d5
9. e5 Ne8 10. b3 f6 11. Re1 fxe5 12. fxe5 b6 13. d4 cxd4 14. Qd3 Qc7 15. c4
dxc3 16. Nxc3 Rf5 17. Bb1 g6 18. Nb5 Qd7 19. Kh1 Ba6 20. a4 Bb4 21. Re4 Rd8 22.
Rh4 Nxe5 23. Qe2 Nxf3 24. Rxb4 Re5 25. Be3 Ng5 26. Bd3 Bxb5 27. Bxb5 Qe7 28.
Rd4 Rf5 29. Rg4 e5 30. h4 Ne4 31. Bd3 N8f6 32. Bg5 Nf2+ 33. Kg1 N2xg4 34. Bxf5
gxf5 35. Rc1 h6 36. Bf4 Ne4 37. Bh2 Qxh4 38. g3 Qxh2+ 39. Qxh2 Nxh2 40. Kxh2 d4
41. Kg2 d3 0-1

[Event "Høstturnering 2008"]
[Site "Ås, Akershus NOR"]
[Date "2008.09.11"]
[Round "2"]
[White "Moberg, Jan Rune"]
[Black "Lea, Per"]
[WhiteElo "1475"]
[BlackElo "1575"]
[Result "1-0"]
[PlyCount "55"]
1. Nf3 Nf6 2. g3 g6 3. Bg2 Bg7 4. c4 c5 5. d4 cxd4 6. Nxd4 O-O 7. O-O d5 8. Qb3
dxc4 9. Qxc4 e5 10. Nb3 a6 11. Bd2 b5 12. Qc1 Ra7 13. Ba5 Qe7 14. Bb6 Rd7 15.
Bc5 Qd8 16. Bxf8 Bxf8 17. Nc3 Bb7 18. Bxb7 Rxb7 19. Rd1 Qe7 20. e4 Rc7 21. Qe3
Ng4 22. Qb6 Rb7 23. Qd8 Nf6 24. Qxe7 Bxe7 25. Nd5 Bd8 26. Nc5 Ra7 27. b4 Nc6
28. Nxf6+ 1-0

[Event "Høstturnering 2008"]
[Site "Ås, Akershus NOR"]
[Date "2008.09.11"]
[Round "2"]
[White "Furnes, Torstein"]
[Black "Lange, David"]
[Result "0-1"]
[WhiteElo "1498"]
[BlackElo "1663"]
[PlyCount "56"]
[EventDate "2008.09.04"]

1. d4 Nf6 2. c4 g6 3. Nc3 Bg7 4. e4 d6 5. Nf3 O-O 6. Be2 Bg4 7. O-O Nbd7 8. Be3
c5 9. Qd2 a6 10. Rab1 Qc7 11. d5 Rab8 12. b4 cxb4 13. Rxb4 Rfc8 14. Rc1 Nc5 15.
Qc2 Qa5 16. Bxc5 Qxc5 17. Qb3 b5 18. cxb5 axb5 19. Bxb5 Nxe4 20. Rxe4 Rxb5 21.
Nxb5 Qxc1+ 22. Ne1 Qg5 23. h3 Bf5 24. Nf3 Bxe4 25. Nxg5 Rc1+ 26. Kh2 Be5+ 27.
Qg3 Bxg3+ 28. Kxg3 Bxd5 0-1

[Event "Høstturnering 2008"]
[Site "Ås, Akershus NOR"]
[Date "2008.09.25"]
[Round "3"]
[White "Lea, Per"]
[Black "Høva, Frode"]
[Result "1-0"]
[WhiteElo "1579"]
[BlackElo "1502"]
[PlyCount "47"]
[EventDate "2008.09.04"]
1. e4 c5 2. Nf3 d6 3. d4 cxd4 4. Nxd4 Nf6 5. Nc3 e6 6. Bg5 Nc6 7. Qd2 a6 8.
O-O-O h6 9. Nxc6 bxc6 10. Bh4 Qa5 11. Kb1 Be7 12. Bg3 d5 13. Nxd5 Qxd2 14.
Nxf6+ Bxf6 15. Rxd2 Ra7 16. Bc4 O-O 17. Rhd1 a5 18. Rd6 Ba6 19. Rxc6 Bxc4 20.
Rxc4 Rb7 21. e5 Be7 22. Rcd4 Rfb8 23. b3 Bb4 24. Rd8+ 1-0

[Event "Høstturnering 2008"]
[Site "Ås, Akershus NOR"]
[Date "2008.09.18"]
[Round "3"]
[White "Yazdankhah, Siamak"]
[Black "Furnes, Torstein"]
[Result "0-1"]
[WhiteElo "937"]
[BlackElo "1498"]
[PlyCount "44"]
[EventDate "2008.09.04"]

1. e4 c5 2. Nc3 Nc6 3. b3 d6 4. Bb2 Nf6 5. Bc4 e6 6. Qf3 Nd4 7. Qd3 a6 8. a4 d5
9. exd5 exd5 10. Qe3+ Be7 11. Bd3 Ng4 12. Qg3 Bh4 13. Qf4 g5 14. Qxd4 cxd4 15.
Nce2 Bxf2+ 16. Kf1 Bxg1 17. Nxg1 Qf6+ 18. Nf3 O-O 19. Bxd4 Qf4 20. h4 Bf5 21.
Be3 Nxe3+ 22. dxe3 Bxd3+ 0-1

[Event "Høstturnering 2008"]
[Site "Ås, Akershus NOR"]
[Date "2008.10.02"]
[Round "4"]
[White "Furnes, Torstein"]
[Black "Lea, Per"]
[Result "1/2-1/2"]
[WhiteElo "1479"]
[BlackElo "1579"]
[PlyCount "65"]
[EventDate "2008.09.04"]
1. d4 d5 2. Nf3 Nf6 3. Bf4 e6 4. e3 c5 5. Be2 cxd4 6. exd4 Bd6
7. Bxd6 Qxd6 8. O-O O-O 9. c3 b6 10. Nbd2 Nbd7 11. Re1 Re8 12. Bd3 e5 13. dxe5
Nxe5 14. Nxe5 Rxe5 15. Rxe5 Qxe5 16. Nf3 Qd6 17. Qd2 Bg4 18. Nd4 Re8 19. Re1
Rxe1+ 20. Qxe1 Kf8 21. h3 Bh5 22. Qe3 Bg6 23. Bxg6 hxg6 24. g4 Ne4 25. Kg2 a6
26. f4 b5 27. Nf3 Qc7 28. Ne5 g5 29. Nd3 gxf4 30. Qxf4 Qc4 31. Qb8+ Ke7 32.
Qe5+ Kf8 33. Qb8+ 1/2-1/2

[Event "Høstturnering 2008"]
[Site "Ås, Akershus NOR"]
[Date "2008.10.09"]
[Round "5"]
[White "Lea, Per"]
[Black "Brenden, Torbjørn"]
[Result "1/2-1/2"]
[WhiteElo "1579"]
[BlackElo "1377"]
[PlyCount "34"]
[EventDate "2008.09.04"]
1. e4 e6 2. d4 d5 3. Nc3 Bb4 4. e5 Ne7 5. Qg4 c5 6. a3 cxd4 7.
axb4 dxc3 8. Qxg7 Rg8 9. Qxh7 Qc7 10. f4 Nbc6 11. bxc3 Nxe5 12. Bd2 N5g6 13.
Ne2 e5 14. Qh6 Bf5 15. Kd1 d4 16. fxe5 dxc3 17. Nxc3 O-O-O 1/2-1/2

[Event "Høstturnering 2008"]
[Site "Ås, Akershus NOR"]
[Date "2008.10.09"]
[Round "5"]
[White "Furnes, Torstein"]
[Black "Hovland, Arne"]
[Result "1-0"]
[WhiteElo "1479"]
[BlackElo "1616"]
[PlyCount "88"]
[EventDate "2008.09.04"]

1. d4 Nf6 2. c4 c5 3. d5 e6 4. dxe6 fxe6 5. Nf3 Nc6 6. Bg5 Be7 7. e3 O-O 8. Be2
d5 9. O-O h6 10. Bh4 d4 11. exd4 cxd4 12. Bd3 e5 13. Bxf6 Bxf6 14. Nbd2 Bg4 15.
Rc1 Bg5 16. Be4 Qe7 17. h3 Bxf3 18. Bxf3 Qb4 19. Rc2 d3 20. Rc3 Bxd2 21. Qxd2
Rad8 22. Bd5+ Kh8 23. Rxd3 Qxd2 24. Rxd2 Nd4 25. f4 Nc6 26. fxe5 Rxf1+ 27. Kxf1
Nxe5 28. Re2 Nc6 29. Bxc6 bxc6 30. b4 Rd4 31. Rc2 Kg8 32. Ke2 Kf7 33. a4 Re4+
34. Kd3 Re1 35. Rf2+ Kg6 36. Kd4 Re6 37. Kc5 Kg5 38. b5 cxb5 39. axb5 g6 40.
Kd5 Re1 41. c5 Kh4 42. c6 Kg3 43. Rc2 h5 44. c7 Re8 1-0

[Event "Høstturnering 2008"]
[Site "Ås, Akershus NOR"]
[Date "2008.10.16"]
[Round "6"]
[White "Hovland, Arne"]
[Black "Lea, Per"]
[Result "1-0"]
[WhiteElo "1616"]
[BlackElo "1579"]
[PlyCount "55"]
[EventDate "2008.09.04"]
1. d4 Nf6 2. c4 g6 3. Nc3 Bg7 4. e4 d6 5. Nf3 O-O 6. Be2 Nbd7
7. O-O e5 8. Re1 Re8 9. Bf1 exd4 10. Nxd4 Nc5 11. f3 a5 12. Rb1 Nfd7 13. a3 Nb6
14. Ndb5 f5 15. b4 axb4 16. axb4 Na6 17. Be3 fxe4 18. Nxe4 Nd7 19. Ng5 Nf6 20.
Bf2 Rxe1 21. Bxe1 b6 22. Bc3 Bb7 23. Ne6 Qd7 24. Nxg7 Qxg7 25. Qd2 Qf7 26. Qd4
Kg7 27. Re1 Rc8 28. Qxf6+ 1-0

[Event "Høstturnering 2008"]
[Site "Ås, Akershus NOR"]
[Date "2008.10.16"]
[Round "6"]
[White "Moberg, Jan Rune"]
[Black "Furnes, Torstein"]
[Result "1-0"]
[WhiteElo "1475"]
[BlackElo "1479"]
[PlyCount "93"]
[EventDate "2008.09.04"]

1. d4 d5 2. c4 e6 3. Nf3 Nf6 4. Nc3 Be7 5. g3 O-O 6. Bg2 b6 7. O-O Bb7 8. a4 a5
9. cxd5 Nxd5 10. Qb3 Nxc3 11. bxc3 Nd7 12. c4 c5 13. Ne5 Bxg2 14. Kxg2 Nxe5 15.
dxe5 Qd4 16. Bb2 Qe4+ 17. f3 Qc6 18. Rfd1 Rfd8 19. Bc3 Rxd1 20. Rxd1 Kf8 21.
Qc2 g6 22. Rb1 Bd8 23. Rb5 Bc7 24. h4 h5 25. Rb1 Rd8 26. Rd1 Rxd1 27. Qxd1 Kg7
28. Kf2 Qe8 29. e4 Qd8 30. Qxd8 Bxd8 31. f4 Bc7 32. Kf3 Kh6 33. g4 hxg4+ 34.
Kxg4 Bd8 35. Bd2 Kg7 36. f5 gxf5+ 37. exf5 exf5+ 38. Kh5 Bc7 39. Bc3 Kh7 40.
Kg5 f4 41. Kxf4 Kg6 42. Kg4 Bd8 43. h5+ Kh6 44. Bd2+ Kg7 45. Kf5 Be7 46. Bg5
Bf8 47. e6 1-0

[Event "Høstturnering 2008"]
[Site "Ås, Akershus NOR"]
[Date "2008.10.30"]
[Round "7"]
[White "Lea, Per"]
[Black "Garmark, Vegard"]
[Result "1-0"]
[WhiteElo "1579"]
[BlackElo "1058"]
[PlyCount "49"]
[EventDate "2008.09.04"]
1. e4 e6 2. d4 d5 3. Nc3 Nc6 4. Bb5 a6 5. Bxc6+ bxc6 6. Nf3 Bb4 7. e5 h6 8. Bd2
Ne7 9. a3 Bxc3 10. Bxc3 O-O 11. Qe2 Ng6 12. Bd2 a5 13. h4 f6 14. h5 Nh8 15.
O-O-O c5 16. dxc5 Rb8 17. Bxa5 fxe5 18. Nxe5 Qf6 19. Bxc7 Rb7 20. Ba5 Nf7 21.
Bc3 Nxe5 22. Qxe5 Qxe5 23. Bxe5 Rxf2 24. c6 Rb6 25. Bd4 1-0

[Event "Høstturnering 2008"]
[Site "Ås, Akershus NOR"]
[Date "2008.10.30"]
[Round "7"]
[White "Høva, Frode"]
[Black "Furnes, Torstein"]
[Result "1-0"]
[WhiteElo "1534"]
[BlackElo "1479"]
[PlyCount "59"]
[EventDate "2008.09.04"]

1. d4 d5 2. c4 e6 3. Nc3 Nf6 4. cxd5 exd5 5. Bg5 Be7 6. e3 O-O 7. Bd3 c6 8. Qc2
Nbd7 9. Nge2 Re8 10. O-O Nf8 11. f3 h6 12. Bh4 g5 13. Bf2 Bd6 14. e4 dxe4 15.
fxe4 Ng4 16. e5 Nxf2 17. Rxf2 Bc7 18. Ne4 Kg7 19. Raf1 Re7 20. Nf6 Bb6 21. Nh5+
Kg8 22. Nf6+ Kg7 23. Nh5+ Kg8 24. Kh1 Bxd4 25. Rf6 Bxe5 26. Rxh6 Bg7 27. Nxg7
Rxe2 28. Qxe2 Kxg7 29. Qe5+ f6 30. Rhxf6 1-0

[Event "Høstturnering 2008"]
[Site "Ås, Akershus NOR"]
[Date "2008.11.06"]
[Round "8"]
[White "Weberg, Øivind"]
[Black "Lea, Per"]
[Result "1-0"]
[WhiteElo "1512"]
[BlackElo "1579"]
[PlyCount "85"]
[EventDate "2008.09.04"]
1. e4 e5 2. Nf3 Nc6 3. Bb5 a6 4. Ba4 Nf6 5. Qe2 b5 6. Bb3 Be7 7. c3 O-O 8. O-O
d6 9. d3 Bg4 10. Nbd2 Na5 11. Bc2 c5 12. Re1 Qc7 13. Nf1 c4 14. Ne3 Bh5 15. a4
Rfc8 16. Nf5 Bf8 17. Bg5 Ne8 18. d4 Nc6 19. d5 Ne7 20. Bxe7 Bxe7 21. Ng3 Bg6
22. h4 h6 23. Ra3 Qb7 24. Rea1 Nf6 25. b4 Nd7 26. h5 Bh7 27. Bb1 Nb6 28. Bc2
Rcb8 29. Nf1 Rc8 30. Ne3 bxa4 31. Nd2 a5 32. bxa5 Rxa5 33. Ndxc4 Qa6 34. Bd3
Nxc4 35. Nxc4 Rac5 36. Nxe5 Qa5 37. Nc6 R5xc6 38. dxc6 Rxc6 39. c4 d5 40. Rxa4
Qc3 41. Ra8+ Bf8 42. cxd5 Rd6 43. Rb1 1-0

[Event "Høstturnering 2008"]
[Site "Ås, Akershus NOR"]
[Date "2008.11.06"]
[Round "8"]
[White "Furnes, Torstein"]
[Black "Garmark, Vegard"]
[Result "1-0"]
[WhiteElo "1479"]
[BlackElo "1058"]
[PlyCount "33"]
[EventDate "2008.09.04"]

1. d4 f5 2. c4 Nf6 3. Nc3 d5 4. cxd5 e6 5. dxe6 Bxe6 6. Bg5 Be7 7. e3 Nd5 8.
Bxe7 Qxe7 9. Nf3 Nc6 10. Bb5 Qd6 11. Ne5 Nde7 12. Nxc6 Nxc6 13. d5 Rd8 14. dxc6
Bd5 15. Qxd5 Qxd5 16. Nxd5 b6 17. Nxc7+ 1-0

[Event "Høstturnering 2008"]
[Site "Ås, Akershus NOR"]
[Date "2008.12.17"]
[Round "9"]
[White "Lea, Per"]
[Black "Lange, Gunnar"]
[Result "1-0"]
[WhiteElo "1579"]
[BlackElo "501"]
[PlyCount "41"]
[EventDate "2008.09.04"]
1. e4 e5 2. Nf3 Nc6 3. Bc4 Bc5 4. c3 Nf6 5. d4 exd4 6. cxd4
Bb6 7. Bg5 O-O 8. e5 Qe8 9. O-O d6 10. exf6 gxf6 11. Bh6 Bg4 12. Bxf8 Qxf8 13.
Qd3 Bxf3 14. Qxf3 Bxd4 15. Nc3 Rb8 16. Rad1 Bxc3 17. Qxc3 Ne5 18. Rd4 Qh6 19.
Bb3 c5 20. Rxd6 Rc8 21. Qxe5 1-0

[Event "Høstturnering 2008"]
[Site "Ås, Akershus NOR"]
[Date "2008.12.11"]
[Round "9"]
[White "Furnes, Torstein"]
[Black "Weberg, Øivind"]
[Result "1/2-1/2"]
[WhiteElo "1479"]
[BlackElo "1512"]
[PlyCount "26"]
[EventDate "2008.09.04"]

1. d4 Nf6 2. c4 e5 3. d5 d6 4. Nc3 Be7 5. e4 O-O 6. Nf3 Bg4 7. Be2 Nbd7 8. O-O
Nc5 9. Qc2 a5 10. Be3 Nfd7 11. Nd2 Bxe2 12. Nxe2 Bg5 13. Bxg5 Qxg5 1/2-1/2

[Event "Klubbmesterskap, hurtigsjakk 2008 (stikkamp)"]
[Site "Ås, Akershus NOR"]
[Date "2009.01.09"]
[Round "1"]
[White "Høva, Frode"]
[Black "Hovland, Arne"]
[WhiteElo "1511"]
[BlackElo "1619"]
[Result "1/2-1/2"]
[PlyCount "126"]
[EventDate "2008.12.04"]
1. d4 d5 2. g3 c6 3. Bg2 Nf6 4. Nf3 a5 5. O-O Bf5 6. c4 e6 7. b3 Ne4 8. Bb2 Bd6 
9. Nfd2 h5 10. Nxe4 dxe4 11. d5 h4 12. dxe6 fxe6 13. c5 Bc7
14. Qxd8+ Bxd8 15. Bxg7 Rh7 16. Be5 Nd7 17. Bb2 Be7 18. Nd2 hxg3 19. hxg3 Nf6
20. Rac1 O-O-O 21. Bxf6 Rxd2 22. Bxe7 Rxe7 23. Rfd1 Red7 24. Rxd2 Rxd2 25. e3
Rxa2 26. Rc4 Rb2 27. Bxe4 Bxe4 28. Rxe4 Kd7 29. Ra4 Rb1+ 30. Kg2 Rxb3 31. Rxa5
e5 32. Kf3 Ke6 33. Ra4 Rb5 34. Rc4 Kd5 35. Rc2 e4+ 36. Kf4 Rb4 37. g4 Ke6 38.
Rd2 Rc4 39. Rd4 Rxc5 40. Rxe4+ Kf6 41. Rb4 b5 42. Kg3 Rc1 43. Kf4 Kg6 44. Ke4
Kg5 45. Ke5 Rc5+ 46. Kd6 Rc4 47. Rb2 Kxg4 48. f4 Kf5 49. Rb3 Ke4 50. Ke6 Rc5
51. Rb4+ Kxe3 52. f5 Rc1 53. f6 Kd3 54. f7 Rf1 55. Rg4 c5 56. Rg5 Rxf7 57. Kxf7
Kd4 58. Ke6 b4 59. Rg4+ Kc3 60. Kd5 b3 61. Kxc5 b2 62. Rc4+ Kd2 63. Rb4 Kc1
1/2-1/2

[Event "Klubbmesterskap, hurtigsjakk 2008 (stikkamp)"]
[Site "Ås, Akershus NOR"]
[Date "2009.01.09"]
[Round "2"]
[White "Hovland, Arne"]
[Black "Høva, Frode"]
[WhiteElo "1619"]
[BlackElo "1511"]
[Result "1-0"]
[PlyCount "47"]
[EventDate "2008.12.04"]
1. d4 Nf6 2. c4 g6 3. Nc3 d5 4. h4 c5 5. dxc5 Qa5 6. cxd5 Qxc5
7. Nf3 Bg7 8. e4 Bg4 9. Be3 Qa5 10. Bb5+ Nfd7 11. O-O O-O 12. Bd4 Ne5 13. Be2
Nbd7 14. Rb1 f5 15. Bxe5 Nxe5 16. Nxe5 Bxe2 17. Nxe2 Bxe5 18. f4 Bf6 19. e5
Bxh4 20. Rf3 Rac8 21. Rh3 Qb6+ 22. Qd4 Qxd4+ 23. Nxd4 Rc4 24. Rd1 1-0

[Event "Klubbmesterskap, hurtigsjakk 2008 (stikkamp)"]
[Site "Ås, Akershus NOR"]
[Date "2009.01.09"]
[Round "3"]
[White "Høva, Frode"]
[Black "Hovland, Arne"]
[WhiteElo "1511"]
[BlackElo "1619"]
[Result "1-0"]
[PlyCount "81"]
[EventDate "2008.12.04"]
1. d4 Nf6 2. c4 g6 3. Nc3 Bg7 4. e4 d6 5. Be2 O-O 6. Nf3 Na6
7. O-O Qe8 8. a3 c6 9. Re1 e5 10. dxe5 dxe5 11. b4 Bg4 12. h3 Rd8 13. Qc2 Bd7
14. Bb2 Nc7 15. Rad1 Nh5 16. Bf1 Nf4 17. Ne2 Nxe2+ 18. Bxe2 f6 19. Rd3 Ne6 20.
Red1 Nf4 21. Rd6 Qe7 22. Bf1 g5 23. c5 Kh8 24. Qd2 Rf7 25. Bc4 Nd5 26. exd5 g4
27. hxg4 Bxg4 28. dxc6 Rxd6 29. cxd6 Qd8 30. Bxf7 bxc6 31. Rc1 Bd7 32. Bb3 Qf8
33. Rd1 Bh6 34. Qd3 Qg7 35. Bc2 Bf4 36. Bc1 Bxc1 37. Rxc1 f5 38. Qe3 e4 39. Qg5
Qf8 40. Ne5 h6 41. Ng6+ 1-0

[Event "Klubbmesterskap, hurtigsjakk 2008 (stikkamp)"]
[Site "Ås, Akershus NOR"]
[Date "2009.01.09"]
[Round "4"]
[White "Hovland, Arne"]
[Black "Høva, Frode"]
[WhiteElo "1619"]
[BlackElo "1511"]
[Result "1-0"]
[PlyCount "53"]
[EventDate "2008.12.04"]
1. d4 Nf6 2. c4 g6 3. Nc3 d5 4. cxd5 Nxd5 5. e4 Nxc3 6. bxc3
Bg7 7. Nf3 c5 8. h3 Nc6 9. Be3 Qa5 10. Qd2 O-O 11. Rd1 Rd8 12. Bc4 b5 13. Bd5
Bb7 14. O-O cxd4 15. cxd4 Qxd2 16. Rxd2 e6 17. Bb3 Na5 18. Bc2 Nc4 19. Rdd1 a6
20. Bc1 Rac8 21. Bb1 Rd7 22. Rfe1 Rcd8 23. Be3 Ne5 24. Bg5 Nxf3+ 25. gxf3 Rxd4
26. Bxd8 Rxd1 27. Rxd1 1-0

[Event "Klubbmesterskap 2008"]
[Site "Ås, Akershus NOR"]
[Date "2008.01.17"]
[Round "1"]
[White "Furnes, Torstein"]
[Black "Lea, Per"]
[WhiteElo "1544"]
[BlackElo "1576"]
[PlyCount "90"]
[Result "0-1"]
1.d4 Nf6 2.c4 g6 3.Nc3 Bg7 4.e4 d6 5.Nf3 O-O 6.Be2 Nbd7 7.O-O e5 8.
d5 Nc5 9.Bg5 h6 10.Bxf6 Qxf6 11.b4 Na6 12.Rb1 Qe7 13.Qc2 f5 14.Bd3 f4
15.Na4 g5 16.Nd2 g4 17.c5 h5 18.c6 b6 19.b5 Nc5 20.Nxc5 dxc5 21.Bc4
Kh8 22.Qd3 Rf6 23.a4 Rh6 24.Rb3 h4 25.Qe2 Qg5 26.Ra3 f3 27.Qe3 Qg6
28.Kh1 fxg2+ 29.Kxg2 g3 30.fxg3 hxg3 31.h4 Rxh4 32.Rf3 Rh2+ 33.Kg1
Rh1+ 34.Kg2 Rh2+ 35.Kg1 Bh6 36.Qc3 Rxd2 37.Qxe5+ Bg7 38.Qxc7 Qxe4 39.
Qd8+ Kh7 40.Bd3 Rxd3 41.Raxd3 Bd4+ 42.Rxd4 Qxd4+ 43.Kh1 Qd1+ 44.Kg2
Bh3+ 45.Kxh3 Rxd8
0-1

[Event "Klubbmesterskap 2008"]
[Site "Ås, Akershus NOR"]
[Date "2008.01.24"]
[Round "2"]
[White "Lea, Per"]
[Black "Hovland, Arne"]
[WhiteElo "1576"]
[BlackElo "1643"]
[PlyCount "73"]
[Result "1-0"]
1. e4 e6 2. d4 d5 3. Nc3 Nf6 4. Bg5 Bb4 5. e5 h6 6. Bd2 Bxc3 7. bxc3 Ne4 8.
Bd3 Nxd2 9. Qxd2 c5 10. dxc5 Qa5 11. Nf3 Qxc5 12. O-O Nd7 13. Rfb1 O-O 14.
Rb4 f5 15. Rh4 a5 16. c4 Qe7 17. Rd4 dxc4 18. Bxc4 Nc5 19. Rd1 b6 20. Qe3
g5 21. Rd6 Rb8 22. Nd4 Kh8 23. Nc6 Qb7 24. Nxb8 Qxb8 25. Qd4 Rf7 26. Rd8+
Kg7 27. Bb5 Qc7 28. Qd6 Ne4 29. Qxc7 Rxc7 30. c4 Nc3 31. R1d2 Nxb5 32. cxb5
f4 33. h3 Kg6 34. R2d6 Kf5 35. Rc6 Rb7 36. Rdxc8 Kxe5 37. R6c7
1-0

[Event "Klubbmesterskap 2008"]
[Site "Ås, Akershus NOR"]
[Date "2008.01.24"]
[Round "2"]
[White "Pettersen, Erling"]
[Black "Furnes, Torstein"]
[Result "0-1"]
[WhiteElo "1356"]
[BlackElo "1544"]
[PlyCount "106"]
[EventDate "2008.01.17"]

1. e4 c5 2. Nf3 Nc6 3. Nc3 d6 4. d4 cxd4 5. Nxd4 e5 6. Nb3 Nf6 7. Bg5 Be7 8.
Bxf6 Bxf6 9. Nd5 O-O 10. Qf3 Bg5 11. c3 Be6 12. Bc4 Ne7 13. O-O Nxd5 14. exd5
Bd7 15. Qe2 Bf4 16. Nd2 Qg5 17. Ne4 Qe7 18. Bd3 f5 19. Ng3 e4 20. Bc2 Qe5 21.
Bb3 Rae8 22. Rae1 g6 23. Qc4 Rc8 24. Qe2 Kg7 25. Kh1 h5 26. Rg1 Bxg3 27. fxg3
Rh8 28. Qe3 b6 29. h4 Rhf8 30. Qf4 Qxf4 31. gxf4 Bb5 32. Re3 Rc5 33. Rg3 a5 34.
Bd1 Kf6 35. b3 Bd3 36. c4 b5 37. cxb5 Rxb5 38. Rxd3 exd3 39. Bf3 Rb4 40. g3 d2
41. Rd1 Rd4 42. a3 Re8 43. Kg2 Re1 44. Kf2 Rxd1 45. Bxd1 Rxd5 46. Ke2 Ke7 47.
b4 axb4 48. Bb3 d1=Q+ 49. Bxd1 Rxd1 50. Kxd1 bxa3 51. Kc2 Ke6 52. Kb3 Kd5 53.
Kxa3 Ke4 0-1

[Event "Klubbmesterskap 2008"]
[Site "Ås, Akershus NOR"]
[Date "2008.01.31"]
[Round "3"]
[White "Simonsen, Steinar"]
[Black "Lea, Per"]
[WhiteElo "1402"]
[BlackElo "1576"]
[PlyCount "71"]
[Result "1-0"]
1. e4 e5 2. Nf3 Nc6 3. Bb5 a6 4. Ba4 Nf6 5. O-O Be7 6. Bxc6 dxc6 7. Nxe5
Qd4 8. Nf3 Qxe4 9. Re1 Qg4 10. d3 Be6 11. h3 Qg6 12. Ng5 Bd5 13. Qe2 Ng8
14. c4 Bxg2 15. Kxg2 h6 16. Qe4 f5 17. Qe6 Qh5 18. Nf3 Rd8 19. Ne5 Rd6 20.
Qc8+ Rd8 21. Qe6 Rd6 22. Qc8+ Rd8 23. Qxb7 g5 24. Qxc6+ Kf8 25. Ng6+ Kg7
26. Nxe7 g4 27. Qg6+ Qxg6 28. Nxg6 Kxg6 29. hxg4 Rxd3 30. gxf5+ Kxf5 31.
Re8 Rd1 32. Nc3 Rd4 33. b3 Rg4+ 34. Kf3 Rh7 35. Rf8+ Nf6 36. Rxf6+
1-0

[Event "Klubbmesterskap 2008"]
[Site "Ås, Akershus NOR"]
[Date "2008.01.31"]
[Round "3"]
[White "Furnes, Torstein"]
[Black "Lange, Holger"]
[Result "0-1"]
[WhiteElo "1544"]
[BlackElo "1651"]
[PlyCount "66"]
[EventDate "2008.01.17"]

1. d4 Nf6 2. c4 e6 3. Nc3 Bb4 4. a3 Bxc3+ 5. bxc3 c5 6. Nf3 O-O 7. e3 Qa5 8.
Bd2 Ne4 9. Qc2 Nxd2 10. Qxd2 d6 11. Bd3 Nc6 12. O-O Bd7 13. Qc2 h6 14. Rfe1
Rac8 15. d5 Ne7 16. e4 e5 17. Nh4 Qd8 18. Nf5 Nxf5 19. exf5 Qg5 20. Re3 Rfe8
21. Rg3 Qe7 22. Re1 Qf6 23. Ree3 Rb8 24. Rh3 a6 25. Rh5 b5 26. cxb5 axb5 27.
Reh3 b4 28. axb4 cxb4 29. g4 e4 30. Bxe4 bxc3 31. g5 Qd4 32. Bg2 Rb2 33. Qc1
Qxf2+ 0-1

[Event "Klubbmesterskap 2008"]
[Site "Ås, Akershus NOR"]
[Date "2008.02.14"]
[Round "4"]
[White "Lea, Per"]
[Black "Moberg, Jan Rune"]
[WhiteElo "1576"]
[BlackElo "1483"]
[PlyCount "125"]
[Result "1/2-1/2"]
1. e4 d5 2. exd5 Qxd5 3. Nc3 Qa5 4. d4 Nf6 5. Bd2 Bf5 6. Nf3 c6 7. Bc4 Qc7
8. Ne5 Bg6 9. Bf4 Qc8 10. Qd2 e6 11. O-O-O Nbd7 12. Nxg6 hxg6 13. Rhe1 Bb4
14. Qd3 Bxc3 15. Qxc3 Nb6 16. Bb3 Qd7 17. h3 Nbd5 18. Qd2 Nxf4 19. Qxf4
O-O-O 20. c3 Rh5 21. Rd2 Qd6 22. Re5 Rf5 23. Rxf5 gxf5 24. Qxd6 Rxd6 25.
Re2 Kd7 26. Re5 Ne4 27. f3 Nf6 28. Kd2 Nd5 29. Bxd5 cxd5 30. h4 Rc6 31. f4
Rc8 32. b3 Rh8 33. g3 f6 34. Re3 g5 35. hxg5 fxg5 36. fxg5 Rg8 37. Ke2 Rxg5
38. Kf3 Rg4 39. Re2 b5 40. Rd2 Kd6 41. a3 e5 42. dxe5+ Kxe5 43. Rh2 d4 44.
cxd4+ Rxd4 45. Re2+ Kd6 46. Re8 Rd3+ 47. Re3 Rd4 48. Rc3 a5 49. Ke3 Rg4 50.
Kf3 a4 51. b4 Rd4 52. Ke3 Re4+ 53. Kf3 Ke6 54. Rc6+ Kd5 55. Rc5+ Kd4 56.
Rxb5 Re3+ 57. Kf4 Rxa3 58. Rxf5 Kc4 59. g4 Ra1 60. g5 Rf1+ 61. Ke5 Rxf5+
62. Kxf5 a3 63. g6
1/2-1/2

[Event "Klubbmesterskap 2008"]
[Site "Ås, Akershus NOR"]
[Date "2008.02.21"]
[Round "4"]
[White "Weberg, Øivind"]
[Black "Furnes, Torstein"]
[Result "1/2-1/2"]
[WhiteElo "1516"]
[BlackElo "1544"]
[PlyCount "55"]
[EventDate "2008.01.17"]

1. e4 c5 2. Nf3 Nc6 3. d4 cxd4 4. Nxd4 e5 5. Nb5 d6 6. N1c3 a6 7. Na3 b5 8. Nd5
Nf6 9. Bg5 Be7 10. Bxf6 Bxf6 11. c3 O-O 12. Nc2 Bg5 13. h4 Bh6 14. g4 f6 15. a4
Rb8 16. axb5 axb5 17. c4 bxc4 18. Bxc4 Kh8 19. b4 Ne7 20. Ra7 Nxd5 21. Bxd5 Qb6
22. Ra3 Ba6 23. Qa1 Bb7 24. Bxb7 Qxb7 25. f3 d5 26. exd5 Qxd5 27. O-O Rfc8 28.
Rc3 1/2-1/2

[Event "Klubbmesterskap 2008"]
[Site "Ås, Akershus NOR"]
[Date "2008.02.21"]
[Round "5"]
[White "Høva, Frode"]
[Black "Lea, Per"]
[WhiteElo "1558"]
[BlackElo "1576"]
[PlyCount "100"]
[Result "0-1"]
1. d4 d5 2. Nf3 Nf6 3. g3 g6 4. Bg2 Bg7 5. O-O O-O 6. c4 c6 7. b3 Re8 8.
Bb2 Nbd7 9. Nbd2 dxc4 10. Nxc4 c5 11. dxc5 Nxc5 12. Rc1 Be6 13. Ne3 Nce4
14. Nd4 Bd7 15. Nc4 Rc8 16. Ne5 Rxc1 17. Qxc1 Bc8 18. Rd1 Qa5 19. Nc4 Qc7
20. Nb5 Qc5 21. a4 Qxf2+ 22. Kh1 Qxe2 23. Re1 Qh5 24. Qf4 Ng4 25. h4 g5 26.
Qf3 gxh4 27. Rxe4 Nf2+ 28. Kg1 Qxf3 29. Bxf3 Nxe4 30. Bxg7 Kxg7 31. Bxe4 a6
32. Nc3 f5 33. Bf3 hxg3 34. Ne3 e5 35. Ned5 e4 36. Bh5 Re5 37. Nf4 Rc5 38.
Nce2 b5 39. Kg2 bxa4 40. bxa4 Kh6 41. Be8 Re5 42. Bc6 Rc5 43. Be8 Kg5 44.
Kxg3 Re5 45. Bc6 h5 46. Nh3+ Kh6 47. Kf4 Rc5 48. Be8 Rc2 49. Nd4 Rh2 50.
Ng5 Rh4+
0-1